Anatomy as a basis for clinical medicine / (Record no. 118437)
[ view plain ]
| 000 -LEADER | |
|---|---|
| fixed length control field | 00686cam a2200229 a 4500 |
| 008 - FIXED-LENGTH DATA ELEMENTS--GENERAL INFORMATION | |
| fixed length control field | |
| 020 ## - INTERNATIONAL STANDARD BOOK NUMBER | |
| International Standard Book Number | 0806708727 (Hbk.) |
| 049 ## - LOCAL HOLDINGS (OCLC) | |
| Holding library | MAIN |
| 090 ## - LOCALLY ASSIGNED LC-TYPE CALL NUMBER (OCLC); LOCAL CALL NUMBER (RLIN) | |
| Classification number (OCLC) (R) ; Classification number, CALL (RLIN) (NR) | QM23.2 |
| Local cutter number (OCLC) ; Book number/undivided call number, CALL (RLIN) | HAL |
| 003 - CONTROL NUMBER IDENTIFIER | |
| control field | |
| 005 - DATE AND TIME OF LATEST TRANSACTION | |
| control field | 20230120204154.0 |
| 040 ## - CATALOGING SOURCE | |
| Transcribing agency | NUST |
| 100 ## - MAIN ENTRY--PERSONAL NAME | |
| Personal name | Hall-Craggs, E. C. B. |
| 245 10 - TITLE STATEMENT | |
| Title | Anatomy as a basis for clinical medicine / |
| Statement of responsibility, etc. | by E.C.B. Hall-Craggs ; illustrated by Diane Abeloff. |
| 250 ## - EDITION STATEMENT | |
| Edition statement | 2nd ed. |
| 260 ## - PUBLICATION, DISTRIBUTION, ETC. | |
| Place of publication, distribution, etc. | Baltimore : |
| Name of publisher, distributor, etc. | Urban & Schwarzenberg, |
| Date of publication, distribution, etc. | c1990. |
| 300 ## - PHYSICAL DESCRIPTION | |
| Extent | 593 p. : |
| Other physical details | ill. (some col.) ; |
| Dimensions | 28 cm. |
| 650 #0 - SUBJECT ADDED ENTRY--TOPICAL TERM | |
| Topical term or geographic name entry element | Human anatomy. |
| 650 #2 - SUBJECT ADDED ENTRY--TOPICAL TERM | |
| Topical term or geographic name entry element | Anatomy. |
| 907 ## - LOCAL DATA ELEMENT G, LDG (RLIN) | |
| a | .b10256131 |
| b | 09-09-15 |
| c | 22-05-08 |
| 942 ## - ADDED ENTRY ELEMENTS (KOHA) | |
| Koha item type | Ordinary Loan Books |
| Call number prefix | QM23.2 |
| Call number suffix | HAL |
| Date last seen | Total Checkouts | Full call number | Barcode | Cost, replacement price | Price effective from | Koha item type | Lost status | Source of classification or shelving scheme | Damaged status | Not for loan | Collection | Withdrawn status | Home library | Current library | Shelving location | Date acquired | Cost, normal purchase price |
|---|---|---|---|---|---|---|---|---|---|---|---|---|---|---|---|---|---|
| 01/20/2023 | QM23.2 HAL | 92004041040 | 80.00 | 01/20/2023 | BOOKS | LCC | NFIC | MEDICAL | MEDICAL | GEN | 01/20/2023 | 80.00 |